| 000 -LEADER |
| fixed length control field |
01429cam a2200421 a 4500 |
| 001 - CONTROL NUMBER |
| control field |
7139224 |
| 003 - CONTROL NUMBER IDENTIFIER |
| control field |
OSt |
| 005 - DATE AND TIME OF LATEST TRANSACTION |
| control field |
20211103114103.0 |
| 006 - FIXED-LENGTH DATA ELEMENTS--ADDITIONAL MATERIAL CHARACTERISTICS |
| fixed length control field |
m o d |
| 007 - PHYSICAL DESCRIPTION FIXED FIELD--GENERAL INFORMATION |
| fixed length control field |
cr zn| |
| 008 - FIXED-LENGTH DATA ELEMENTS--GENERAL INFORMATION |
| fixed length control field |
090216s2005 nyua sbf 001 0 eng d |
| 020 ## - INTERNATIONAL STANDARD BOOK NUMBER |
| Canceled/invalid ISBN |
0071436898 |
| 035 ## - SYSTEM CONTROL NUMBER |
| System control number |
(CtWfDGI)bke00029864 |
| 035 ## - SYSTEM CONTROL NUMBER |
| System control number |
(NNC)7139224 |
| 038 ## - RECORD CONTENT LICENSOR |
| Staff Name |
khadija |
| 040 ## - CATALOGING SOURCE |
| Original cataloging agency |
CtWfDGI |
| Language of cataloging |
eng |
| Transcribing agency |
CtWfDGI |
| 050 14 - LIBRARY OF CONGRESS CALL NUMBER |
| Classification number |
TJ230 |
| Item number |
.B87 2005eb |
| 082 04 - DEWEY DECIMAL CLASSIFICATION NUMBER |
| Classification number |
621.815 BRO |
| Edition number |
22 |
| 100 1# - MAIN ENTRY--PERSONAL NAME |
| Personal name |
Brown, Jr.Thomas H. |
| 9 (RLIN) |
81188 |
| 245 10 - TITLE STATEMENT |
| Title |
Marks Calculations for Machine Design / |
| Statement of responsibility, etc. |
Thomas H. Brown, Jr. |
| 246 30 - VARYING FORM OF TITLE |
| Title proper/short title |
Calculations for Machine Design |
| 246 13 - VARYING FORM OF TITLE |
| Title proper/short title |
Marks Standard Calculations for Mechanical Engineers |
| 256 ## - COMPUTER FILE CHARACTERISTICS |
| Computer file characteristics |
Computer document. |
| 260 ## - PUBLICATION, DISTRIBUTION, ETC. |
| Place of publication, distribution, etc. |
New York : |
| Name of publisher, distributor, etc. |
McGraw-Hill, |
| Date of publication, distribution, etc. |
c2005 |
| Place of manufacture |
(Norwood, Mass. : |
| Manufacturer |
Books24x7.com [generator]) |
| 500 ## - GENERAL NOTE |
| General note |
Title from title screen. |
| 504 ## - BIBLIOGRAPHY, ETC. NOTE |
| Bibliography, etc. note |
Includes bibliographical references and index. |
| 516 ## - TYPE OF COMPUTER FILE OR DATA NOTE |
| Type of computer file or data note |
Text. |
| 530 ## - ADDITIONAL PHYSICAL FORM AVAILABLE NOTE |
| Additional physical form available note |
Available also in a print ed. |
| 538 ## - SYSTEM DETAILS NOTE |
| System details note |
Mode of access: Internet via World Wide Web. |
| 550 ## - ISSUING BODY NOTE |
| Issuing body note |
Digitized and made available by: Books24x7.com. |
| 563 ## - BINDING INFORMATION |
| Binding note |
hard cover |
| 650 #0 - SUBJECT ADDED ENTRY--TOPICAL TERM |
| Topical term or geographic name entry element |
Machine design |
| Form subdivision |
Handbooks, manuals, etc. |
| 9 (RLIN) |
55859 |
| 655 #7 - INDEX TERM--GENRE/FORM |
| Genre/form data or focus term |
Electronic books. |
| Source of term |
lcsh |
| 9 (RLIN) |
621 |
| 710 2# - ADDED ENTRY--CORPORATE NAME |
| Corporate name or jurisdiction name as entry element |
Books24x7, Inc. |
| 9 (RLIN) |
25470 |
| 856 40 - ELECTRONIC LOCATION AND ACCESS |
| Uniform Resource Identifier |
<a href="http://www.columbia.edu/cgi-bin/cul/resolve?clio7139224">http://www.columbia.edu/cgi-bin/cul/resolve?clio7139224</a> |
| Public note |
Click here for full text. |
| 942 ## - ADDED ENTRY ELEMENTS (KOHA) |
| Source of classification or shelving scheme |
|
| Koha item type |
Book |